| 000 | 00970nam a2200265Ia 4500 | ||
|---|---|---|---|
| 003 | OSt | ||
| 005 | 20220923211110.0 | ||
| 006 | a|||||r|||| 00| 0 | ||
| 007 | ta | ||
| 008 | 220922b |||||||| |||| 00| 0 hin d | ||
| 020 |
_a818143059X (hbk) _c450 |
||
| 024 | _a246,740 | ||
| 037 |
_b369, 17/02/2011, Vani Prakashan _cTextual |
||
| 040 |
_aARTS _cARTS _bhin |
||
| 041 |
_2hin _ahin |
||
| 082 | _aO152,1H77:g, P3 | ||
| 100 |
_aमीरा गौतम, संपा. _9158224 |
||
| 245 | 0 |
_aगुरू रविदास _b वाणी एवं महत्व |
|
| 246 | _aGurū ravidāsa: vāṇī evan hinatva | ||
| 260 |
_aनयी दिल्ली _b वाणी प्रकाशन _c2003 |
||
| 300 |
_a424पृ. _ccm. |
||
| 650 |
_aहिन्दी साहित्य _9156264 |
||
| 942 |
_hO152,1H77:g, P3 _cTEXL _2CC |
||
| 999 |
_c295225 _d295225 |
||